004140000a22001450004500060000800000082001500008100002000023100001900043245005800062260002800120260000900148300000800157490004200165650006100207 a100 a631.42 FRI aBroeshart, Hans aFried, Maurice aSoil-plant system: in relation to inorganic nutrition aNewyork, Academic press c1967 a358 aMonograph series on radiation biology aSoil-plant relationship/soil science/inorganic nutrition